Изучение изменений некоторых компонентов торфа в процессе термолиза методом ИК-спектроскопии; Молодые ученые и специалисты - ускорению научно-технического прогресса

Bibliographic Details
Parent link:Молодые ученые и специалисты - ускорению научно-технического прогресса.— 1986.— С. 197
Main Author: Ярыгина Е. Г.
Other Authors: Тарковская Л. И.
Language:Russian
Published: 1986
Subjects:
Format: Book Chapter
KOHA link:https://koha.lib.tpu.ru/cgi-bin/koha/opac-detail.pl?biblionumber=594132

MARC

LEADER 00000naa0a2200000 4500
001 594132
005 20250131134344.0
035 |a (RuTPU)RU\TPU\tpu\8516 
090 |a 594132 
100 |a 20020513d1986 k y0rusy50 ca 
101 0 |a rus 
102 |a RU 
200 1 |a Изучение изменений некоторых компонентов торфа в процессе термолиза методом ИК-спектроскопии  |f Е. Г. Ярыгина, Л. И. Тарковская 
463 |t Молодые ученые и специалисты - ускорению научно-технического прогресса  |o пятая региональная научно-практическая конференция  |v С. 197  |d 1986 
610 1 |a труды учёных ТПУ 
700 1 |a Ярыгина  |b Е. Г.  |c ХТФ  |f 1963-  |3 (RuTPU)RU\TPU\pers\3204 
701 1 |a Тарковская  |b Л. И.  |c кандидат технических наук  |c ХТФ  |f 1953-  |3 (RuTPU)RU\TPU\pers\3203 
801 1 |a RU  |b 63413507  |c 20020513  |g PSBO 
801 2 |a RU  |b 63413507  |c 20091029  |g PSBO 
942 |c BK